000 03176nam0a2200421 4500
001 RU\NLR\BIBL_A\012919071
005 20230111113150.0
010 _a978-5-7422-7712-5
_9220
021 _aRU
_bАЛ-П-22-00747и
_9АЛ-П-22-0146
035 _a(NLR Aleph) 012919071
035 _a(RuMoRGB)011191881
090 _a12638642
_c12638642
100 _a20221024d2022 u y0rusy50 ca
101 0 _arus
102 _aRU
105 _a c||z|||010zy
181 0 _ab3
_bхb2e
181 0 _ai1
_baxxe
182 0 _an
200 1 _aЛенинградский дизайн. Как это было
_fА. А. Печкин, С. Ю. Дужников
_gСанкт-Петербургский союз дизайнеров
203 _aИзображение
_aТекст
_bвизуальные
_cнепосредственные
210 _aСанкт-Петербург
_cПолитех-Пресс
_d2022
215 _a127 с.
_cил., портр., табл., цв. ил.
_d25
300 _aПосвящается 60-летию ВНИИТЭ и 35-летию Союза дизайнеров СССР
330 _aРазвитие промышленного дизайна в двадцатом веке шло бурно. Хорошо известны такие "реперные точки" этого процесса, как БАУХАУС, ВХУТЕМАС, ВХУТЕИН и т. д., однако советская история второй половины прошлого века в литературе освещена достаточно слабо. Монография "Ленинградский дизайн. Как это было" рассказывает о ВНИИТЭ - структуре, внесшей неоценимый вклад в историю дизайна, причем акцент делается на деятельности Ленинградского филиала ВНИИТЭ, заместителем директора которого был А. А. Печкин, чьи личные воспоминания особенно ценны. При этом авторы убеждены, что наработанный тогда опыт во многом актуален и сегодня
606 1 _aПромышленное искусство русское советское
_yЛенинград, город
_92536814
_3RU\NLR\AUTH\6601715774
606 1 _aПромышленные товары
_xХудожественное оформление
_91991547
_3RU\NLR\AUTH\66914387
686 1 _aЩ129.3(2Р=Рус)7-692Ленинград
686 1 _aЮ804
700 1 _aПечкин
_bА.А.
_gАлексей Алексеевич
701 1 _aДужников
_bС. Ю.
_gСергей Юрьевич
712 0 2 _4570
_aВНИИ технической эстетики
_bЛенинградский филиал
_9817796
_3RU\NLR\AUTH\880576011
712 0 2 _4570
_aСанкт-Петербургский союз дизайнеров
_9652706
_3RU\NLR\AUTH\880496384
942 _cBOOK
980 _aNB